Bilecik Bilecik Bilecik Bilecik Bilecik

Çin kaynaklarında Türkler : (Record no. 8429)

MARC details
000 -BAŞLIK
Sabit Uzunluktaki Kontrol Alanı 01450nam a22003977a 4500
001 - KONTROL NUMARASI
Control Dosyası 0008457
003 - KONTROL NUMARASI KİMLİĞİ
Kontrol Alanı KOHA_MİRAKIL
005 - EN SON İŞLEM TARİHİ ve ZAMANI
Kontrol Alanı 20260207001635.0
007 - FİZİKSEL TANIM SABİT ALAN - GENEL BİLGİ
Sabit uzunluklu kontrol alanı ta
008 - SABİT UZUNLUKTAKİ VERİ ÖGELERİ - GENEL BİLGİ
Sabit Alan 091009b2006 tu |||gr||||#||||0|tur |
020 ## - ISBN - ULUSLARARASI STANDART KİTAP NUMARASI
Isbn 9751618967
Kullanılabilirlik koşulları TL14
040 ## - KATALOGLAMA KAYNAĞI
Özgün Kataloglama Kurumu TR-BiSEU
Kataloglama Dili tur
Çeviri Kurumu TR-BiSEU
Açıklama Kuralları rda
041 0# - DİL KODU
Metin ya da ses kaydının dil kodu tur
044 ## - YAYINLAYAN/ÜRETEN KURULUŞUN ÜLKE KODU
ISO country code tu
050 ## - SINIFLAMA ve YER NUMARASI
Sınıflama Numarası DS26
Yer Numarası .T64 2006
100 1# - KİŞİ ADI
Yazar Adı (Kişi adı) Togan, İsenbike.
245 1# - ESER ADI BİLDİRİMİ
Başlık Çin kaynaklarında Türkler :
Alt Eseradı vb. Eski T'ang tarihi (Chiu T'ang-shu), 194a "Türkler" bölümü (açıklamalı metin neşri)/
Sorumluluk Bildirimi İsenbike Togan ; İsenbike Togan, Gülnar Kara, Cahide Baysal.
264 #1 - ÜRERİM, YAYIN, DAĞITIM ve TELİF BİLDİRİMİ
Yayın yeri Ankara :
Yayınlayan Atatürk Kültür, Dil ve Tarih Yüksek Kurumu Türk Tarih Kurumu
Yayın tarihi 2006
300 ## - FİZİKSEL TANIMLAMA
Sayfa, Cilt vb. 517 sayfa: harita, tablo, resimli; 25 cm.
336 ## - İÇERİK TÜRÜ
Content type term metin
Content type code txt
Source rdacontent
337 ## - MEDYA TÜRÜ
Media type term aracısız
Media type code n
Source rdamedia
338 ## - TAŞIYICI TÜRÜ
Carrier type term cilt
Carrier type code nc
Source rdacarrier
490 1# - DİZİ BİLDİRİMİ
Dizi Bildirimi Atatürk Kültür, Dil ve Tarih Yüksek Kurumu Türk Tarih Kurumu yayınları.
490 1# - DİZİ BİLDİRİMİ
Dizi Bildirimi XXVIII.
490 1# - DİZİ BİLDİRİMİ
Dizi Bildirimi dizi ;
Cilt Numarası sa.
490 1# - DİZİ BİLDİRİMİ
Dizi Bildirimi 6.
500 ## - GENEL NOT
Genel Not Kaynakça ve dizin var.
500 ## - GENEL NOT
Genel Not Çince,Türkçe metin var.
650 #0 - KONU BAŞLIĞI EK GİRİŞ - KONU TERİMİ
Konusal terim veya coğrafi ad Turkic peoples--History--Sources.
9 (RLIN) 21076
650 #0 - KONU BAŞLIĞI EK GİRİŞ - KONU TERİMİ
Konusal terim veya coğrafi ad China--History Tang dynasty, 618-907.
9 (RLIN) 21077
830 1# - SERİ EK GİRİŞİ - TEKBİÇİM ESER ADI
Tekbiçim Başlık Atatürk Kültür, Dil ve Tarih Yüksek Kurumu Türk Tarih Kurumu yayınları.
9 (RLIN) 6368
830 1# - SERİ EK GİRİŞİ - TEKBİÇİM ESER ADI
Tekbiçim Başlık XXVIII.
9 (RLIN) 21078
830 1# - SERİ EK GİRİŞİ - TEKBİÇİM ESER ADI
Tekbiçim Başlık dizi ;
Volume number/sequential designation sa.
9 (RLIN) 10357
830 1# - SERİ EK GİRİŞİ - TEKBİÇİM ESER ADI
Tekbiçim Başlık 6.
9 (RLIN) 10339
942 ## - EK GİRİŞ ÖGELERİ (KOHA)
Source of classification or shelving scheme Library of Congress Classification
Koha item type Book
Holdings
Materyal Türü Kalıcı Konum Mevcut Konum Raf Yeri Sınıflandırma Kaynağı Edinim Bilgisi Ana Konular Alt Konular Yer Numarası Demirbaş Numarası Fatura Tarihi Maliyet, Alış Fiyatı Maliyet, Yenileme Fiyatı Geri Çekilme Durumu Kayıp Durumu Hasarlı Durumu Kredi için değil Kayıt Tarih Toplam Ödünçverme Son Görülme Tarihi Son Kontrol Tarihi Satın Alma Notu
Book Prof. Dr. Azmi Özcan Kütüphanesi Prof. Dr. Azmi Özcan Kütüphanesi Uluğbey Salonu Library of Congress Classification Satın DÜNYA TARİHİ (AVRUPA, ASYA, AFRİKA VB.) Asya DS26 .T64 2006 0008457 09/09/2009 14.00 14.00         09/10/2009 4 05/12/2024 05/12/2024 283